01535nam a2200277 a 450000100100000000500170001000800410002704000250006808200180009310000290011124501050014026000410024530000210028650000310030759000270033865000360036565100420040165100510044391000430049495201310053795201310066895201310079995201880093095201220111899900170124000002183120200930011451.0100913s1969 dr 000 0 spa d aDO-SdBNPbspacBNPHU a972.93bG463a1 aGil Díaz, Oscar92538010aApuntes para la historia :bla naturaleza histórica de la sociedad dominicana /cOscar Gil Díaz. aSanto Domingo :bArte y Cine,c1969. a254 p. ;c22 cm. aLa biblioteca posee el v.1 aInventariado, 2019/MFF 4aSociología histórica910967 4aRepública DominicanaxHistoria9170 4aRepública DominicanaxHistoriografía91457 aValidado. Control de calidad, EMARRERO 001054708DSaGRbGRcCTd2011-04-18iLF1l0o972.93 G463ap21831-30r2020-06-25te. 3w2020-06-25yLFDSZPréstamo en sala 001054708DSaGRbGRcCTd2011-04-18iLF1l0o972.93 G463ap21831-40r2020-06-25te. 4w2020-06-25yLFDSZPréstamo en sala 001054708DSaGRbGRcCTd2011-08-04iLF1l0o972.93 G463ap21831-50r2020-06-25te. 5w2020-06-25yLFDSZPréstamo en sala 0010718PDaPDbPDcHDd2010-09-13iLF1l0o972.93 G463ap21831-10r2020-06-25w2020-06-25yLFPDzPerteneció a la bibliteca personal de Aída Cartagena Portalatín.ZNo se presta 0010718PDaPDbPDcCTd2010-09-13iLF1l0o972.93 G463ap21831-20r2020-06-25te. 2w2020-06-25yLFPDZNo se presta c21329d21329